Logo BPK

Biblioteka

Politechniki Koszalińskiej

Zaawansowana rachunkowość zarządcza : (Rekord nr 34359)

Szczegóły MARC
000 -ETYKIETA REKORDU
podpole kontrolne o stałej długości 02328nam a2200565 i 4500
001 - NUMER KONTROLNY REKORDU
pole kontrolne 34359
003 - IDENTYFIKATOR NUMERU KONTROLNEGO REKORDU
podpole kontrolne KOSZ 005
005 - DATA OSTATNIEJ MODYFIKACJI REKORDU
podpole kontrolne 20221215103607.0
008 - POLE O STAŁEJ DŁUGOŚCI - DANE KONTROLNE
podpole kontrolne o stałej długości 210916s1997 pl d f |000 0 pol c
015 ## - NUMER BIBLIOGRAFII NARODOWEJ
Numer bibliografii narodowej UWD 2021/39492
020 ## - MIĘDZYNARODOWY ZNORMALIZOWANY NUMER KSIĄŻKI - ISBN
ISBN 8386543221
035 ## - NUMER SYSTEMOWY
Numer systemowy przejętego rekordu (PL)b1000001055874
035 ## - NUMER SYSTEMOWY
Numer systemowy przejętego rekordu (EXLNZ-48OMNIS_NETWORK)9912422962105606
040 ## - ŹRÓDŁO KATALOGOWANIA
Instytucja, która sporządziła opis WA N
Instytucja, która utworzyła rekord WA N
Instytucja, która dokonała modyfikacji WA N
-- KOSZ 005/HR
046 ## - DATY KODOWANE
Pojedyncza data lub początek okresu powstania dzieła lub zbioru dzieł 1997
080 ## - UNIWERSALNA KLASYFIKACJA DZIESIĘTNA - UKD
Łącznik pól i kolejność 1.1\x
UKD 657.05
080 ## - UNIWERSALNA KLASYFIKACJA DZIESIĘTNA - UKD
Łącznik pól i kolejność 1.2\x
UKD (075.8)
245 00 - TYTUŁ/ODPOWIEDZIALNOŚĆ
Tytuł Zaawansowana rachunkowość zarządcza :
Ciąg dalszy tytułu problemy, przykłady, zadania : praca zespołowa /
Pozostałe elementy strefy tytułu i oznaczenia odpowiedzialności pod redakcją Alicji Jarugowej i Anny Szychty ; [autorzy: Andrzej Baniewicz, Radosław Ignatowski, Alicja Jarugowa, Lucyna Kopczyńska, Zbigniew Leszczyński, Sławomir Szejna, Anna Szychta, Marian Walczak] ; Fundacja Rozwoju Rachunkowości w Polsce.
250 ## - STREFA WYDANIA
Oznaczenie wydania Wydanie II (nowa szata graficzna).
260 ## - STREFA ADRESU WYDAWNICZEGO
Miejsce wydania Warszawa :
Nazwa wydawcy/dystrybutora Fundacja Rozwoju Rachunkowości w Polsce,
Data publikacji, dystrybucji/powstania dokumentu 1997.
300 ## - STREFA OPISU FIZYCZNEGO
Objętość [2], 160, [6] stron :
Inne cechy fizyczne wykresy ;
Rozmiary 24 cm.
336 ## - TYP ZAWARTOŚCI
Termin opisujący typ zawartości Tekst
Kod określający zawartość txt
Źródło (terminu i kodu) rdacontent
337 ## - TYP MEDIÓW
Tryb odtwarzania Bez urządzenia pośredniczącego
Kod typu mediów n
Źródło (terminu i kodu) rdamedia
338 ## - TYP/RODZAJ NOŚNIKA
Hasło opisujące typ nośnika Wolumin
Kod typu nośnika nc
Źródło (terminu i kodu) rdacarrier
380 ## - FORMA I TYP PUBLIKACJI
Forma i typ publikacji Książki
380 ## - FORMA I TYP PUBLIKACJI
Forma i typ publikacji Publikacje dydaktyczne
380 ## - FORMA I TYP PUBLIKACJI
Forma i typ publikacji Publikacje fachowe
385 ## - ODBIORCA
Kategoria grupowa odbiorcy Poziom nauczania
Odbiorca Szkoły wyższe
385 ## - ODBIORCA
Odbiorca Menedżerowie
388 1# - CZAS POWSTANIA
Czas powstania 1901-2000
388 1# - CZAS POWSTANIA
Czas powstania 1989-2000
536 ## - UWAGA DOTYCZĄCA ŹRÓDEŁ FINANSOWANIA DZIEŁA
Tekst uwagi Finansowanie: Fundacja Własności Prywatnej Sami Sobie (Poznań)
650 #7 - HASŁO PRZEDMIOTOWE W FORMIE NAZWY OGÓLNEJ LUB JEDNOSTKOWEJ
Nazwa ogólna lub geograficzna Rachunkowość zarządcza
Źródło hasła lub terminu DBN
655 #7 - TERMIN INDEKSOWY - OKREŚLENIE RODZAJU/FORMY DOKUMENTU
Określenie rodzaju/formy dokumentu Podręcznik
Źródło terminu DBN
658 ## - TERMIN INDEKSOWY - PRZEDMIOT PROGRAMU NAUCZANIA
Główny przedmiot programu nauczania Gospodarka, ekonomia, finanse
658 ## - TERMIN INDEKSOWY - PRZEDMIOT PROGRAMU NAUCZANIA
Główny przedmiot programu nauczania Zarządzanie i marketing
700 1# - HASŁO DODATKOWE - NAZWA OSOBOWA
Nazwa osobowa Jaruga, Alicja
Daty związane z nazwą (1928-2011)
Określenie związku między hasłem a opisywanym materiałem Autor
-- Redakcja
700 1# - HASŁO DODATKOWE - NAZWA OSOBOWA
Nazwa osobowa Szychta, Anna
Określenie związku między hasłem a opisywanym materiałem Autor
-- Redakcja
700 1# - HASŁO DODATKOWE - NAZWA OSOBOWA
Nazwa osobowa Baniewicz, Andrzej
Określenie związku między hasłem a opisywanym materiałem Autor
700 1# - HASŁO DODATKOWE - NAZWA OSOBOWA
Nazwa osobowa Ignatowski, Radosław
Określenie związku między hasłem a opisywanym materiałem Autor
700 1# - HASŁO DODATKOWE - NAZWA OSOBOWA
Nazwa osobowa Kopczyńska, Lucyna
Określenie związku między hasłem a opisywanym materiałem Autor
700 1# - HASŁO DODATKOWE - NAZWA OSOBOWA
Nazwa osobowa Leszczyński, Zbigniew
Określenie związku między hasłem a opisywanym materiałem Autor
700 1# - HASŁO DODATKOWE - NAZWA OSOBOWA
Nazwa osobowa Szejna, Sławomir
Określenie związku między hasłem a opisywanym materiałem Autor
700 1# - HASŁO DODATKOWE - NAZWA OSOBOWA
Nazwa osobowa Walczak, Marian
Określenie związku między hasłem a opisywanym materiałem Autor
710 2# - HASŁO DODATKOWE - NAZWA CIAŁA ZBIOROWEGO
Nazwa ciała zbiorowego lub jednostki geograficznej Fundacja Rozwoju Rachunkowości w Polsce
Kod określenia powiązania pbl
856 ## - LOKALIZACJA I DOSTĘP DO ELEKTRONICZNYCH DOKUMENTÓW ZDALNYCH
Link (URL) http://koha.tu.koszalin.pl/cgi-bin/koha/opac-detail.pl?biblionumber=34359
Tekst linku Katalog online BPK
942 ## - DODATKOWE ELEMENTY (KOHA)
Schemat klasyfikacji Uniwersalna Klasyfikacja Dziesiętna
Typ dokumentu Książka
Egzemplarze
Wycofany Status egzemplarza Uszkodzony Dostępność Lokalizacja stała Lokalizacja bieżąca Numer ubytku Sygnatura Kod kreskowy Typ dokumentu Miejsce przechowywania Dział
  Egz. niedostępny   Niedostępny Biblioteka Politechniki Koszalińskiej Biblioteka Politechniki Koszalińskiej 13718 47136 01379143 Książka    
      Tylko na miejscu Biblioteka Politechniki Koszalińskiej Biblioteka Politechniki Koszalińskiej   47137 01379136 Książka Czytelnia Wydziałowa ul. Kwiatkowskiego 6e 657.05 Rachunkowość zarządcza
      Dostępny Biblioteka Politechniki Koszalińskiej Biblioteka Politechniki Koszalińskiej   47138 01379129 Książka Wypożyczalnia BG  
      Dostępny Biblioteka Politechniki Koszalińskiej Biblioteka Politechniki Koszalińskiej   47139 01379112 Książka Wypożyczalnia BG  
© 2023 Biblioteka Politechniki Koszalińskiej :: KOHA